| 000 | 01110nam a2200253 a 4500 | ||
|---|---|---|---|
| 001 | 59066 | ||
| 003 | BD-RJUL | ||
| 005 | 20211209080705.0 | ||
| 008 | 161220r19681969enkk 001 0 eng d | ||
| 035 | _aBD-RJUL 59190 | ||
| 040 |
_aDLC _cDLC _dUKM _dEQO _beng |
||
| 041 | _aeng | ||
| 082 |
_a346.060941 _223 _bCHC 1969 |
||
| 110 | 2 |
_aChartered Institute of Secretaries of Joint Stock Companies and Other Public Bodies. _9175662 |
|
| 245 | 1 | 4 |
_aThe chartered secretaries manual of company secretarial practice, _bbeing the official manual of the Chartered Institute of Secretaries / _cjoint general editors: S. J. S. Eley [and] R. C. Hetherington |
| 260 |
_aLondon : _bpublished under the authority of the Council of the Chartered Institute of Secretaries by Jordan, _c1968 [reprint 1969] |
||
| 300 |
_a1 v. (various pagings) _bill. ; _c25 cm |
||
| 500 | _aPrevious editions have title: Secretarial practice | ||
| 650 | 0 |
_aCorporation law _zGreat Britain _9175663 |
|
| 700 | 1 |
_aEley, Stanley James Sidney. _9175664 |
|
| 700 | 1 |
_aHetherington, Robert Charles. _9175665 |
|
| 942 |
_2ddc _cBK |
||
| 999 |
_c59066 _d59066 |
||